Contabilidad moderna 2... /

Guardado en:
Autor Principal: García Apolinar, Edgardo
Formato: Libro
Publicado: Buenos Aires : Troquel, 1977
Edición:7
Materias:
Etiquetas: Agregar Etiqueta
Sin Etiquetas, Sea el primero en etiquetar este registro!
LEADER 00632nam a22001935a 4500
001 CEM.cems002786
005 20060220000000.0
008 130507s1977##################000#0#####d
003 CEMS
082 0 4 |a 657 
100 1 |a García Apolinar, Edgardo 
245 1 0 |a Contabilidad moderna 2... /  |c Edgardo García Apolinar 
250 |a 7 
260 |a Buenos Aires :  |b Troquel,  |c 1977 
300 |a 225 p. 
653 |a Contabilidad 
859 |a CEMS  |b BIB. CEMS - 11 de abril  |h 657  |i G165a7/II  |p 6923.79  |t Ej.1 
859 |a CEMS  |b BIB. CEMS - 11 de abril  |h 657  |i G165a7/II  |p 6925.79  |t Ej.2 
859 |a CEMS  |b BIB. CEMS - 11 de abril  |h 657  |i G165a7/II  |p 6926.79  |t Ej.3